Clic Complétez ces titres de la BD XIII - Statistiques

Statistiques générales
  • Ce quiz a été pris 40 fois
  • Le résultat moyen est 22 sur 30
Statistiques - réponses
Hint Réponse % Correct
7 - La nuit du 3 *** août
97%
3 - Toutes les *** de l'enfer larmes
97%
1 - Le jour du *** noir soleil
97%
8 - *** contre un Treize
97%
11 - Trois *** d'argent montres
94%
10 - El *** (en espagnol) Cascador
90%
15 - Lâchez les *** chiens
90%
14 - *** défense Secret
87%
2 - Là où va l'*** indien
84%
6 - Le *** Jason Fly dossier
81%
24 - L'*** de Jason Mac Lane héritage
81%
18 - La version *** irlandaise
77%
9 - Pour *** Maria
77%
27 - *** Rechargée Mémoire
74%
16 - *** Montecristo Opération
74%
22 - *** à Greenfalls Retour
74%
28 - ***, où tout a commencé Cuba
71%
5 - *** total Rouge
71%
4 - *** SPADS
71%
13.1 - L'enquête : the XIII *** (en anglais} mystery
68%
17 - L'*** de Maximilien Or
68%
21 - L'*** appât
58%
25 - The XIII *** history
58%
29 - Moscow - Spaso *** House
58%
26 - 2132 *** Mètres
55%
12 - Le *** jugement
52%
19 - Le dernier *** round
52%
20 - Le jour du *** Mayflower
48%
23 - Le *** du martyr message
48%
13.2 - L'enquête : deuxième *** partie
48%
Aucun quiz correspondant
Distribution des résultats
% des personnes avec chaque résultat
Percentile par nombre de réponses
Votre historique - résultats
Vous n’avez pas pris ce quiz